00918nam a22002537a 450000100040000000500170000400800410002102000250006202000370008704000230012405000220014708200120016910000180018124500450019925000380024426000390028230000460032150500080036752001750037552100200055052100210057065000410059165000320063270020230703075536.0230630b cb ||||| |||| 00| 0 eng d a0060252065 :c$10.95 a0060252073 (lib. bdg.) :c$10.89 aDLCcDLCdDLCbeng00aPZ7.S217bLp 198900a[E]2191 aSandin, Joan.14aThe long way westward /cby Joan Sandin. aFirst Harper Trophy edition, 1992 aNew York :bHarper Collins,c1992. a63 pages :bcolor illustrations ;c22 cm. aM  aRelates the experiences of two young brothers and their family, immigrants from Sweden, from their arrival in New York through the journey to their new home in Minnesota. a530 bLexile  aM bRaz-Plus  1aEmigration and immigrationxFiction. 1aSwedish-AmericansxFiction.